000
00434nam a2200169Ia 4500
008
090711s9999 xx 000 0 und d
082
_b
11754
100
_a
नांगरे बलराम
245
_a
अंतर
260
_c
1962
300
_a
120
600
_a
नांगरे बलराम
630
_a
अंतर
700
_a
नांगरे बलराम
730
_a
अंतर
942
_c
BOOK
999
_c
312803
_d
312803